00936nam a2200229 i 4500001000700000003000900007005001700016008004100033080001000074100003600084245016000120260003700280300003600317490005200353650002800405700002300433700002800456830006000484852002100544999001900565952012200584183262ES-MaACL20230906221840.0140204s1958 sp |||| | spa d a536.71 aPorter, Alfred William.915435710aTermodinámica / cpor Alfred W. Porter... ; con dos apéndices nuevos por W. Wilson... ; traducida de la cuarta edición inglesa por J. Figuera Andú. a[Madrid : bS.A.E.T.A., c1958?] a137 p., 3 h. : bil. ; c17 cm.1 aMonografías Methuen's sobre temas de física 4aTermodinámica.9174861 aWilson, W.91543580 aFiguera Andu, J.9507540 aMonografías Methuen's sobre temas de física9191891 aES-MaACLjE-5195 c183262d183262 00104070aATENEOMbATENEOMcDEPO2d2014-02-04eDONl0oE-5195p1192608r2023-02-23 00:00:00w2023-02-23yMONOGRAFIA